000 00449nam a2200157Ia 4500
008 210716s2006 xx 000 0 und d
020 _a8183230180
041 _aeng
082 _a658.827 SINK
100 _aSingh, Kamal.
245 _aStrategies for buliding: sustainable indian brands.
_bSustainable indian brands.
250 _a1
260 _aNew Delhi
_bAll India management association
_c2006
300 _a235
650 _aBrand Management
999 _c203249
_d203249